000 00259nam a2200097Ia 4500
001 955214
005 20250826215800.0
008 250824s9999 xx 000 0 und d
245 0 _aTUĞRUL VE ÇAĞRI BEYLER
_cAHMET HALDUN TERZİOĞLU
260 _bPANAMA YAYINLARI
999 _c955214
_d955214